000 00197nam a2200097Ia 4500
008 240331s9999 xx 000 0 und d
082 _bKAR
100 _aKarnad, G
245 0 _aPalipeedam
942 _cL
999 _c3694
_d3694